000 00806nam a22002771 4500
001 35562
003 BD-RjUL
005 20211209052338.0
008 140526s1961 amsde 000 0 eng d
035 _a(BD-RjUL)35657
035 _a(OCoLC)1870240
040 _aDLC
_cFMU
_dUk
_dDLC
_dBD-RjUL
_beng
041 _aeng
082 _a657.04
_bEID 1961
100 1 _aEizenga, W.
_9108289
245 1 0 _aDemographic factors and savings /
_c W. Eizenga
260 _aAmsterdam :
_bNorth-Holland Pub. Co.,
_c1961.
300 _ax, 107 p. :
_bill. ;
_c22 cm.
504 _aBibliographical footnotes.
650 0 _aIncome.
_9108290
650 0 _aConsumption (Economics)
_9108291
942 _2ddc
_cBK
999 _c35562
_d35562